000 00527nam a22001817a 4500
003 CEME
005 20210628204136.0
008 210112b xxu||||| |||| 00| 0 eng d
020 _a9789698486136
040 _cceme
082 _a954.91 ALL
100 _aAllah Nawaz, Mian .Justic
_968910
245 _aPakistan's bleeding wounds , fatal british conspiracy
260 _aLAHORE
_bALLIED BOOK COY LAHORE
_c2011
300 _a626P
650 _aPAKISTAN'S BLEEDING WOUNDS-FATAL BRITISH CONSPIRACY.
_968911
942 _cBK
_2ddc
999 _c576362
_d576362